[Event "Asuncion IRT"]
[Site "Asuncion"]
[Date "2013.05.14"]
[Round "5.3"]
[White "Battaglia, Jose"]
[Black "Quintana, Julio"]
[Result "1-0"]
[WhiteElo "1769"]
[BlackElo "1527"]
[PlyCount "78"]
[EventDate "2013.05.11"]
[EventType "swiss"]
[EventRounds "7"]
[EventCountry "PAR"]
[SourceTitle "EXT 2023"]
[Source "ChessBase"]
[SourceDate "2022.10.05"]
[SourceVersion "1"]
[SourceVersionDate "2022.10.05"]
[SourceQuality "1"]

1. d4 d5 2. Nf3 e6 3. c4 c5 4. cxd5 exd5 5. e3 Nc6 6. a3 Nf6 7. Be2 Bd6 8. Nc3 a6 9. 0-0 0-0 10. dxc5 Bxc5 11. b4 Ba7 12. Bb2 Re8 13. b5 axb5 14. Nxb5 Bb6 15. Qc2 Bd7 16. Ng5 Ne4 17. Nxe4 dxe4 18. Nd6 Re7 19. Bc4 Be6 20. Rad1 Qc7 21. Nb5 Qc8 22. Qc3 f6 23. Nd6 Qc7 24. Nxe4 Na5 25. Bxe6+ Rxe6 26. Qxc7 Bxc7 27. Nc5 Rb6 28. Na4 Rb3 29. Rd7 Be5 30. Bxe5 fxe5 31. Nc5 Rb5 32. Ne6 Rb6 33. Nxg7 Nc4 34. Re1 Rxa3 35. h4 Rb4 36. Nf5 b5 37. Red1 Ra8 38. Rc7 Nb2 39. Rdd7 Rg4 1-0

[Event "Asuncion Roggio Cup-C 3rd"]
[Site "Asuncion"]
[Date "2010.05.26"]
[Round "6"]
[White "Heinrichs, Vivian"]
[Black "Battaglia, Jose"]
[Result "1-0"]
[WhiteElo "1870"]
[BlackElo "1806"]
[PlyCount "141"]
[EventDate "2010.05.20"]
[EventType "swiss"]
[EventRounds "9"]
[EventCountry "PAR"]
[SourceTitle "CBM 136 Extra"]
[Source "ChessBase"]
[SourceDate "2010.07.02"]
[SourceVersion "2"]
[SourceVersionDate "2010.07.15"]
[SourceQuality "1"]

1. e4 c5 2. Nc3 Nc6 3. f4 g6 4. Nf3 Bg7 5. Bb5 Nd4 6. 0-0 Nxb5 7. Nxb5 d6 8. d3 Nf6 9. Nc3 0-0 10. Qe1 e6 11. Qh4 Nh5 12. Qh3 f5 13. e5 a6 14. g4 fxg4 15. Qxg4 dxe5 16. fxe5 Rf5 17. Be3 Bxe5 18. Nxe5 Rxe5 19. Ne4 b6 20. Bh6 Qd4+ 21. Nf2 Qd5 22. Ne4 Rf5 23. Ng3 Nxg3 24. Qxg3 Bb7 25. Rxf5 exf5 26. Re1 Rd8 27. Re7 Bc6 28. Kf2 Qd4+ 29. Ke2 Qg4+ 30. Qxg4 fxg4 31. Kf2 Rd7 32. Re6 Rc7 33. Kg3 Kf7 34. Rd6 Ke7 35. Bf4 Rc8 36. Kxg4 Bd7+ 37. Kg5 Rf8 38. Bg3 Rf5+ 39. Kh6 Rf6 40. Bh4 g5+ 41. Rxf6 Kxf6 42. Bxg5+ Kf5 43. h4 Be6 44. a3 Kg4 45. Kxh7 c4 46. dxc4 Bf5+ 47. Kg7 Bxc2 48. Bd8 Bb3 49. Bxb6 Bxc4 50. Bd8 Be2 51. Bg5 Kf5 52. Kh6 a5 53. a4 Bd1 54. Bd8 Bxa4 55. Bxa5 Bb3 56. Bd8 Kg4 57. Bg5 Kf5 58. Kg7 Bd1 59. b4 Be2 60. Kf7 Ke5 61. Bf6+ Kd5 62. Kg6 Ke6 63. Kg5 Kf7 64. Bc3 Bd3 65. h5 Kg8 66. h6 Kh7 67. Bg7 Bb5 68. Kf6 Bc4 69. Ke5 Bf1 70. Kd4 Be2 71. Kc5 1-0

[Event "Asuncion Roggio Cup-C 3rd"]
[Site "Asuncion"]
[Date "2010.05.25"]
[Round "5"]
[White "Battaglia, Jose"]
[Black "Benitez, Jose Rodolfo"]
[Result "1/2-1/2"]
[WhiteElo "1806"]
[BlackElo "1830"]
[PlyCount "57"]
[EventDate "2010.05.20"]
[EventType "swiss"]
[EventRounds "9"]
[EventCountry "PAR"]
[SourceTitle "CBM 136 Extra"]
[Source "ChessBase"]
[SourceDate "2010.07.02"]
[SourceVersion "2"]
[SourceVersionDate "2010.07.15"]
[SourceQuality "1"]

1. d4 Nf6 2. Nf3 e6 3. c4 d5 4. e3 c6 5. Nc3 Be7 6. Bd3 0-0 7. 0-0 Nbd7 8. b3 a6 9. Bb2 b5 10. cxd5 exd5 11. Qe2 h6 12. Rfd1 b4 13. Na4 Nb6 14. Nxb6 Qxb6 15. Rac1 Bg4 16. h3 Bh5 17. e4 dxe4 18. Bxe4 Nxe4 19. Qxe4 Bxf3 20. Qxf3 Bf6 21. Qxc6 Qxc6 22. Rxc6 a5 23. Ba1 Rfd8 24. Rc4 Rd5 25. Rc5 Rad8 26. Rxd5 Rxd5 27. Kf1 Kf8 28. Ke2 Ke7 29. Kd3 1/2-1/2

[Event "Asuncion Roggio Cup-C 3rd"]
[Site "Asuncion"]
[Date "2010.05.24"]
[Round "4"]
[White "Daneri, Martin"]
[Black "Battaglia, Jose"]
[Result "1-0"]
[WhiteElo "2109"]
[BlackElo "1806"]
[PlyCount "61"]
[EventDate "2010.05.20"]
[EventType "swiss"]
[EventRounds "9"]
[EventCountry "PAR"]
[SourceTitle "CBM 136 Extra"]
[Source "ChessBase"]
[SourceDate "2010.07.02"]
[SourceVersion "2"]
[SourceVersionDate "2010.07.15"]
[SourceQuality "1"]

1. e4 c5 2. Nc3 Nc6 3. Bb5 d6 4. Bxc6+ bxc6 5. f4 d5 6. d3 e6 7. Nf3 Nf6 8. 0-0 Be7 9. Ne5 Bb7 10. Kh1 Nd7 11. Nf3 c4 12. dxc4 Ba6 13. exd5 cxd5 14. Nb5 0-0 15. Nfd4 Bxb5 16. cxb5 Bf6 17. Be3 Nb6 18. Nc6 Qc7 19. Bd4 Bxd4 20. Qxd4 Nc4 21. a4 a6 22. b3 Nd6 23. c4 Nf5 24. Qe5 Qb7 25. g4 Nh4 26. Qe1 Ng6 27. f5 axb5 28. cxb5 Ne7 29. Rc1 Rac8 30. Qc3 e5 31. Nxe7+ 1-0